| 000 | 00904nam a2200289 a 4500 | ||
|---|---|---|---|
| 001 | 20817 | ||
| 003 | BD-RjUL | ||
| 005 | 20211209000621.0 | ||
| 008 | 140302r19801955enk 000 0 eng d | ||
| 020 | _a0192122169 | ||
| 035 | _a(BD-RjUL)20879 | ||
| 040 |
_aBD-RjUL _beng _cBD-RjUL _dBD-RjUL |
||
| 041 | _aeng | ||
| 082 |
_2820.9 _bTRO 1980 |
||
| 100 | 1 |
_aTrilling, Lionel, _d1905-1975. _954870 |
|
| 245 | 1 | 4 |
_aThe opposing self : _bnine essays in criticism / _cLionel Trilling. |
| 250 | _aUniform ed. | ||
| 260 |
_aOxford : _bOxford University Press, _c1980. |
||
| 300 |
_a 204 p. ; _c21 cm. |
||
| 490 | 1 | _aWorks of Lionel Trilling | |
| 500 | _aFirst published in 1955 by Secker & Warburg. | ||
| 600 | 1 | 0 |
_aFlaubert, Gustave, _d1821-1880. _964305 |
| 650 | 0 |
_aLiterature, Modern. _964300 |
|
| 650 | 0 |
_aSelf in literature. _951846 |
|
| 830 | 0 |
_aWorks of Lionel Trilling _964306 |
|
| 942 |
_2ddc _cBK |
||
| 999 |
_c20817 _d20817 |
||